As Maiores Cidades do Rio Grande do Sul - Statistics

Estatísticas Gerais
  • Esse quiz foi jogado 145 vezes
  • A pontuação média é 13 de 19
Estatísticas das Respostas
População Cidade % Correto
1.332.570 Porto Alegre
100%
463.338 Caxias do Sul
92%
325.689 Pelotas
86%
347.657 Canoas
85%
271.633 Santa Maria
84%
227.732 Novo Hamburgo
83%
191.900 Rio Grande
70%
217.410 São Leopoldo
69%
117.210 Uruguaiana
69%
105.705 Erechim
68%
224.116 Viamão
68%
206.224 Passo Fundo
67%
265.070 Gravataí
66%
117.938 Bagé
65%
123.151 Bento Gonçalves
64%
187.315 Alvorada
60%
136.258 Cachoeirinha
51%
133.230 Santa Cruz do Sul
50%
132.107 Sapucaia do Sul
50%
Nenhum quiz correspondente encontrado
Distribuição das Pontuações
Porcentagem de Pessoas com Cada Pontuação
Percentil de Números Respondidos
Sua Pontuação Histórica
Você não jogou esse quiz